Guía para padres de bebés nacidos prematuros : la internación (Record no. 181721)

MARC details
000 -CABECERA
campo de control de longitud fija 02170nab a2200241 a 4500
005 - FECHA Y HORA DE LA ÚLTIMA TRANSACCIÓN
campo de control 20210219162721.0
008 - ELEMENTOS DE LONGITUD FIJA--INFORMACIÓN GENERAL
campo de control de longitud fija 991125s1985 mx 000 0 spa u
035 ## - NÚMERO DE CONTROL DEL SISTEMA
Número de control de sistema UPN01000209620
049 ## - COLECCIÓN
Colección ART
100 1# - ASIENTO PRINCIPAL--NOMBRE PERSONAL
Nombre de persona Gómez, María Celeste
100 1# - ASIENTO PRINCIPAL--NOMBRE PERSONAL
Filiación gomezmariaceleste@gmail.com
222 #0 - TÍTULO CLAVE
Título clave INTERDISCIPLINARIA : REVISTA DE PSICOLOGIA Y CIENCIAS AFINES
245 00 - MENCIÓN DE TÍTULO
Título Guía para padres de bebés nacidos prematuros : la internación
260 ## - PUBLICACIÓN, DISTRIBUCIÓN, ETC.
Lugar de publicación, distribución, etc. Buenos Aires, Argentina
300 ## - DESCRIPCIÓN FÍSICA
Extensión 347-366
362 0# - FECHAS DE PUBLICACIÓN Y/O DESIGNACIÓN SECUENCIAL
Fecha de publicación y/o designación secuencial 2015 Volumen 32, número 2
520 3# - NOTA DE RESUMEN, ETC.
Sumario, etc. Cada año nacen a nivel mundial alrededor de 15 millones de niños anticipadamente y dicha tasa de nacimientos prematuros sigue en aumento. De estos infantes, un millón muere a causa de secuelas relacionadas con su temprana llegada al mundo. A partir de la experiencia en Psicología Perinatal en tres hospitales de la Ciudad Autó noma de Buenos Aires y el Gran Buenos Aires, se observaron ciertos cuestionamientos de los padres de niños que se encuentran internados debido a su prematuridad en servicios de Unidad de Cuidados Intensivos Neonatales (UCIN). Por este motivo el objetivo del trabajo realizado fue elaborar una Guía para padres de bebés nacidos prematuros que permita una correcta y rá- pida comprensión del ámbito de internación además de las situaciones por las que podría atravesar un niño nacido prematuro. Se utilizaron para este fin textos y cuadros. A su vez se trabajó acerca de los equipos empleados, el personal de salud que lo atenderá, el contacto con el niño, la lactancia, las experiencias de otros padres, páginas y redes sociales relacionadas con la temática y los derechos del niño prematuro según UNICEF. Se incluyen también, algunas sugerencias y fuentes bibliográficas. Esta guía pretende colaborar en el empoderamiento de los padres con ni- ños internados en UCIN. En futuros estudios se podría evaluar el impacto de la misma en los padres y en los servicios de salud
653 0# - TERMINO DE INDIZACION - NO CONTROLADO
Término no controlado BEBES PREMATUROS
653 0# - TERMINO DE INDIZACION - NO CONTROLADO
Término no controlado HOSPITALIZACION
653 0# - TERMINO DE INDIZACION - NO CONTROLADO
Término no controlado PADRES DE FAMILIA
856 4# - LOCALIZACIÓN Y ACCESO ELECTRÓNICOS
Identificador Uniforme del Recurso <a href="http://www.redalyc.org/articulo.oa?id=18043528009">http://www.redalyc.org/articulo.oa?id=18043528009</a>
905 ## - TIPO DE MATERIAL
Tipo de material Articulo

No items available.